Normal view
MARC view
- Grimm Jakob E Wilhelm
Entry Personal Name
001 - CONTROL NUMBER
- control field: 18387
003 - CONTROL NUMBER IDENTIFIER
- control field: IT-RoPau
005 - DATE AND TIME OF LATEST TRANSACTION
- control field: 20140403154012.0
008 - FIXED-LENGTH DATA ELEMENTS
- fixed length control field: 140403|| aca||aabn | a|a d
040 ## - CATALOGING SOURCE
- Original cataloging agency: IT-RoPau
- Transcribing agency: IT-RoPau
100 ## - HEADING--PERSONAL NAME
- Personal name: Grimm Jakob E Wilhelm
- Dates associated with a name: Codice autore testo SPICS: 21529
- Relator term: Autore testo
- Name of part/section of a work: I tre doni magici
670 ## - SOURCE DATA FOUND
- Source citation: Work cat.: (IT-RoPau)102348: AA.VV. 794, Grandi fiabe raccontate da Ciccobotto (Le)